| 000 | 00931nam a22002655i 4500 | ||
|---|---|---|---|
| 001 | 12386 | ||
| 003 | ES-MaACL | ||
| 005 | 20250723063343.0 | ||
| 007 | t| | ||
| 008 | 911218s1990 sp ||||0| spa j | ||
| 020 | _a84-87137-36-9 | ||
| 040 |
_aM-BN _bspa _cM-BN |
||
| 080 | _a860-14"19" | ||
| 100 | 0 |
_aPerdomo Acedo, Pedro, _d1897-1977 _990423 |
|
| 245 | 1 | 0 |
_aAntología poética / _cPedro Perdomo Acedo ; [edición de Manuel Alvar]. |
| 260 |
_a[Santa Cruz de Tenerife : _bViceconsejería de Cultura y Deportes, Gobierno de Canarias], _c1990. |
||
| 300 |
_a226 p ; _c21 cm. |
||
| 490 | 1 |
_aBiblioteca básica canaria ; _v33 |
|
| 504 | _aBibliografía: p. 49-50. | ||
| 700 | 1 |
_aAlvar, Manuel, _d1923-2001 _920583 |
|
| 710 | 1 |
_aCanarias. _bViceconsejería de Cultura y Deportes. _92427 |
|
| 830 | 0 |
_aBiblioteca básica canaria ; _v33 _9177611 |
|
| 852 |
_aES-MaACL _jL-19776 _bR.122337 |
||
| 999 |
_c12386 _d12386 |
||